| 000 | 00873nam a22002297a 4500 | ||
|---|---|---|---|
| 003 | KOHA_MİRAKIL | ||
| 005 | 20260414083304.0 | ||
| 008 | 260414b tu ||||| |||| 00| 0 tur d | ||
| 040 |
_aTR-AnABB _btur _cTR-AnABB |
||
| 041 | _atur | ||
| 082 |
_a338.9561 _bDAG |
||
| 100 | 1 | _aDağ, Rıfat | |
| 245 | 1 | 0 |
_aGAP yeniden yapılanmalıdır / _cRıfat Dağ, Atilla Göktürk |
| 260 |
_aAnkara : _b[yayl. y.], _c1990 |
||
| 300 |
_a153 sayfa ; _c24 cm |
||
| 504 | _aKaynakça 150-152 sayfaları arasındadır | ||
| 505 | _aİçindekiler: GAP Bölgesinin Tanıtımı - Toplumsal Değişme Eksenlerindeki Sınırlamalar - GAP'ın gerekçeleri, kapsamı ve gerçekleşme düzeyi - GAP ve yeniden yapılanma gereği | ||
| 650 | _aEkonomik politika, Türkiye | ||
| 650 | _aEkonomik politika | ||
| 700 | 1 |
_aGöktürk, Atilla, _eyazar _93408 |
|
| 942 |
_2ddc _cBK |
||
| 999 |
_c10225 _d10225 |
||
| 900 | _bCan ÇELIK | ||